Welcome to the Holygrace Academy Library

Please use search bar below to get started

NANCY DREW - STOP THE CLOCK (Record no. 7860)

MARC details
000 -LEADER
fixed length control field 00745nam a22001457a 4500
020 ## - INTERNATIONAL STANDARD BOOK NUMBER
ISBN 978-0-689-87336-2
082 ## - DEWEY DECIMAL CLASSIFICATION NUMBER
Classification number 823
Item number KEE/N
100 ## - MAIN ENTRY--AUTHOR NAME
Personal name KEENE, CAROLYN
245 ## - TITLE STATEMENT
Title NANCY DREW - STOP THE CLOCK
260 ## - PUBLICATION, DISTRIBUTION, ETC. (IMPRINT)
Place of publication NEW YORK
Name of publisher ALADDIN PAPERBACKS
Year of publication 2005
300 ## - PHYSICAL DESCRIPTION
Number of Pages 141
520 ## - SUMMARY, ETC.
Summary, etc Just as I'm gearing up to help plan the Mahoney Library's seventy-fifth anniversary celebration, the beautiful old clock, the very centerpiece of the library, is stolen. There's nothing like a good theft to stop a party!<br/>Naturally, I throw down the streamers and get to work. Turns out lots of people wanted that clock -- and what's inside. If I don't hustle, this might become two crimes instead of one....
650 ## - SUBJECT ADDED ENTRY--TOPICAL TERM
Topical Term DETECTIVE
Geographic subdivision UNITED STATES
942 ## - ADDED ENTRY ELEMENTS (KOHA)
Koha item type Books
Holdings
Withdrawn status Lost status Collection code Home library Current library Shelving location Date acquired Source of acquisition Cost, normal purchase price Full call number Accession Number Koha item type
    Fiction Main Library Main Library NEW SHELF WITH NEW ENTRY 20/11/2023 purchase 250.00 823 KEE/N 13451 Books